Emerging markets crisis an asset markets perspective

Guardado en:
Detalles Bibliográficos
Autor principal: Caballero, Ricardo J.
Otros Autores: Krishnamuthy, Arvind
Formato: Libro
Lenguaje:inglés
Publicado: Washington International Monetary Fund 1999
Colección:IMF Working Paper WP/99/129
Materias:
Etiquetas: Agregar Etiqueta
Sin Etiquetas, Sea el primero en etiquetar este registro!

MARC

LEADER 00000nam a2200000 4500
001 c123792
005 20221221082211.3
041 0 |a eng 
044 |a US 
245 1 0 |a Emerging markets crisis  |b an asset markets perspective  |c Ricardo J. Caballero and Arvind Krishnamuthy 
264 1 |a Washington  |b International Monetary Fund  |c 1999 
300 |a 53 s. 
490 1 |a IMF Working Paper  |v WP/99/129 
830 0 |a IMF Working Paper  |v WP/99/129 
610 2 0 |a trh peňažný medzinárodný 
610 2 0 |a záruka 
610 2 0 |a rozhodovanie 
100 1 |a Caballero, Ricardo J. 
700 1 |a Krishnamuthy, Arvind